| 000 | 00474nam a2200217Ia 4500 | ||
|---|---|---|---|
| 008 | 210210b1904 xxu||||| |||| 00| 0 eng d | ||
| 041 | _aeng | ||
| 082 | _a532/69 | ||
| 100 | _aPRESTON (Thomas) | ||
| 245 | _aTheory of heat Ed 2 | ||
| 250 | _a | ||
| 260 |
_aLondon _bMacmillan & Co. Ltd. _c1904 |
||
| 300 | _axix,838 | ||
| 650 | _aTheory | ||
| 650 | _aheat | ||
| 650 | _aEd | ||
| 650 | _a2 | ||
| 690 | _aHeat | ||
| 700 | _aCOTTER (Rogerson J) | ||
| 906 | _a008434 | ||
| 999 |
_c126363 _d126363 |
||